Oil-extended natural rubber in passenger tyre treads (Record no. 64342)

MARC details
000 -LEADER
fixed length control field 00358nam a2200133Ia 4500
100 ## - MAIN ENTRY--AUTHOR NAME
Personal name Newell R
245 #0 - TITLE STATEMENT
Title Oil-extended natural rubber in passenger tyre treads
260 ## - PUBLICATION, DISTRIBUTION, ETC. (IMPRINT)
Name of publisher Journal of Natural Rubber Research
Year of publication 1994
300 ## - PHYSICAL DESCRIPTION
Number of Pages 143-154
650 ## - SUBJECT ADDED ENTRY--TOPICAL TERM
Topical Term Tyre treads
700 ## - ADDED ENTRY--PERSONAL NAME
Personal name Wallace I R
942 ## - ADDED ENTRY ELEMENTS (KOHA)
Koha item type Journals
Holdings
Withdrawn status Lost status Damaged status Not for loan Home library Current library Shelving location Date acquired Serial Enumeration / chronology Koha item type
      Journals RRII Library RRII Library Rubber chemistry 17/12/2021 Volume 9, Issue 3 Journals